Statistics for 2-Syllable Rhyming Answers #4

Click here to take the quiz!

General Stats

  • This quiz has been taken 8,031 times
  • The average score is 12 of 20

Answer Stats

HintAnswer% Correct
Frightening milk productsScary Dairy
91%
Burger King sandwich eaten
aboard a helicopter
Chopper Whopper
80%
More rapid preacherFaster Pastor
80%
Racket sport played in an Italian cityVenice Tennis
79%
Duplicate of an outdated computer discFloppy Copy
75%
Newborns who have been bitten
by infectious bats
Rabies Babies
74%
A slow song about leafy greensSalad Ballad
73%
Shrimp and oysters that refuse to shareSelfish Shellfish
72%
Academic who studies U.S. currencyDollar Scholar
69%
Person who sets up a tent in
a laundry basket
Hamper Camper
65%
Ms. Borden with a full scheduleBusy Lizzie
64%
Burly southpawHefty Lefty
62%
Immunization against the
effects of coffee
Caffeine Vaccine
56%
Person who gives lessons
to marksmen
Shooter Tutor
51%
Someone who punts a bottle of whiskeyLiquor Kicker
50%
Train stop in Port-au-PrinceHaitian Station
45%
Cowardly large crowCraven Raven
40%
Urban pathosCity Pity
39%
Construction supervisor from
northern France
Norman Foreman
39%
Angry group of eight musiciansUpset Octet
37%

Score Distribution

Percentile by Number Answered

Percent of People with Each Score

Your Score History

You have not taken this quiz